| 000 | 00709nam a2200205 a 4500 | ||
|---|---|---|---|
| 001 | 0704 | ||
| 005 | 20140414132142.0 | ||
| 008 | 040927s19uu xx 00 eng d | ||
| 020 | _a0-439-04607-6 | ||
| 050 |
_aKIT (LCER) 028 _bC16 1999 |
||
| 100 | _aCanizares, Susan | ||
| 245 |
_aAll kinds of books / _cSusan Canizares, Betsey Chessen. |
||
| 260 |
_aNew York : _bScholastic, _c1999. |
||
| 300 | _ap. ; cm. | ||
| 440 | _aLearning center emergent readers | ||
| 520 | _aExamines the many things that reading a book can help you do, from fixing a bike to finding a friend's phone number to playing pretend. | ||
| 650 |
_aBooks and reading _xJuvenile literature. |
||
| 999 |
_c115366 _d115366 |
||